A handbook for primary schools

Αποθηκεύτηκε σε:
Λεπτομέρειες βιβλιογραφικής εγγραφής
Κύριος συγγραφέας: McMahon, Agnes
Άλλοι συγγραφείς: Bolam, Raymond
Μορφή: Βιβλίο
Γλώσσα:English
Δημοσίευση: London : Paul Chapman, 1990
Σειρά:Management development and educational reform
Managing better schools
Θέματα:
Ετικέτες: Προσθήκη ετικέτας
Δεν υπάρχουν, Καταχωρήστε ετικέτα πρώτοι!

MARC

LEADER 00000nam a2200000 i 4500
001 1/99689
008 000127s1990 eng d
020 |a 1-85396-081-0 
035 |l 10056981 
040 |a GR-MY-UA  |b gre  |e aacr 
041 0 |a eng 
082 0 |a 372.1200941 
100 1 |a McMahon, Agnes. 
245 1 2 |a A handbook for primary schools /  |c Agnes McMahon, Ray Bolam 
260 |a London :   |b Paul Chapman,   |c 1990 
300 |a 84 p. 
490 1 |a Management development and educational reform 
490 1 |a Managing better schools 
650 0 0 |a Elementary school administration  |z Great Britain. 
650 0 0 |a School management and organization  |z Great Britain  |x Case studies. 
650 0 0 |a Teachers  |x In-service training  |z Great Britain. 
700 1 |a Bolam, Raymond. 
830 0 |a Management development and educational reform 
830 0 |a Managing better schools 
852 |a INST  |b RHODES  |e 20000127  |h 372.1200941 MCM  |p 005400012224  |q 005400012224  |t BK  |y 0 
901 |a BIBL4-2000-1 
909 |a Ρ  |b 068666 
922 |a 4ΕΛΗ  |b 199909  |c ΚΠΣ/154  |d GLORY BOOKS 
970 |a ΚΟΥΛΑΚΙΟΤΗ  |b ΛΙΤΣΑ  |z 2000/01/27